000 01046nam a2200289 a 4500
001 000003855
003 DO-SdBNP
005 20260305073950.0
007 ta
008 090714s1999 dr 001 0 spa d
040 _aDO-SdBNP
_bspa
_cBNPHU
082 4 _a016.097293
_bM938b
_222
100 1 _aMoya Pons, Frank,
_d1944-
_92095
245 1 0 _aBibliografía del derecho dominicano 1844-1998 /
_cFrank Moya Pons, Marisol Florén.
260 _aSanto Domingo :
_bJudicial,
_c1999.
300 _a2 v. ;
_c23 cm.
490 1 _aAlfabética
_v2
500 _aIncluye índice.
500 _aEdición auspiciada por la Asociación Hipólito Herrera Billini y la Fundación Institucional y Justicia (FINJUS).
590 _aInventariado, 2022 / DG
650 4 _aDerecho
_zRepública Dominicana
_xBibliografía
_911643
700 1 _aFlorén, Marisol
_911644
710 2 _aFundación Institucionalidad y Justicia (República Dominicana).
_91886
830 0 _aAlfabética
_n2
_911645
910 _aValidado. Control de calidad. MMOLINA
942 _2ddc
_cLBS1
999 _c3677
_d3677